The Simpsons: Simpson Tide Quiz Stats

 Plays Quiz not verified by Sporcle

Score 0/20 Timer 10:00
0 Plays Today
Hint Answer % Correct
What fashion accessory has Milhouse bought, which Bart wants to copy?Ear ring
97.7%
He goes to the mall to buy it, and when he comes out, which business has bought every outlet in the mall?Starbucks
95.3%
Which possibly gay character dances as the Village People sing the submarine off?Smithers
93%
What his Homer's excuse for causing the accident, which he later repeats in several world languages?It's my first day
90.7%
What vegetable does Homer want at the dinner table, accidentally impressing his captain?Peas
88.4%
Which twin is excluded from the school nuclear shelter?Terri
86%
Which Soviet rises from the dead as the Evil Empire returns?Lenin
81.4%
Homer thinks that nuclear radiation will make a donut bigger, testified by an employee who did it with what part of his body?His hand
79.1%
Homer asks Moe what is 'in'. Which Friends actor does he mention?David Schwimmer
76.7%
What TV detective does Homer do an impression of to impress his Drill Sergeant?Columbo
69.8%
Hint Answer % Correct
As Homer tries to command the submarine back to Springfield, which Star Trek character is on board?Sulu
67.4%
Moe thinks of his beloved, which is what animal?Cat
65.1%
Grampa recalls beating up which future President for alleged Nazi sympathies?John F.Kennedy
53.5%
Homer says that he won't get hurt because it is only a game. In his mind, what game does hurt him?Rock'em Sock'em Robots
53.5%
At the start of the episode, Homer has a dream. What does he do to his defense attorney in it?Eats him
51.2%
Skinner says that Milhouse must be of what ethnicity to have this accessory in school?Gypsy
44.2%
When Apu, Moe and Barney want to join the Navy Reserve with him, Homer says that it will be like what Vietnam film?The Deer Hunter
41.9%
In a reference to a popular double act, what is Homer's captain called?Tennille
32.6%
Apu's beloved vends, or rather doesn't, what product?Cigarettes
23.3%
One of the commanders at Homer's court martial impersonates which politician?Hillary Clinton
18.6%

You're not logged in!

Compare scores with friends on all Sporcle quizzes.
OR
Log In

Show Comments

Extras

Top Quizzes Today


Score Distribution

Your Account Isn't Verified!

In order to create a playlist on Sporcle, you need to verify the email address you used during registration. Go to your Sporcle Settings to finish the process.

Report this User

Report this user for behavior that violates our Community Guidelines.

Details: